Józef Popkiewicz: Stopa zysku v gospodarce socjalistycznej (Miera zisku v socialistickom hospodárstve)

Bibliographic Details
Main Author: Celušák, Adam (Author)
Format: Article
Language:Slovak
Subjects:

MARC

LEADER 00000nab a2200000Ia 4500
001 vtls010704193
003 SK-MaSNL
005 20260304194528.0
008 250709|1969 xo |||||||||||||||||slo|
035 |a (urnnbn)urn:nbn:sk:snk:ar-a03wz4 
035 |a (uuid)81086d02-678e-4f0d-bea3-3684c6d83127 
035 |a urn:nbn:sk:snk-ab3912 
040 |a SNKBUCL  |b slo  |c SNKBUCL  |e AACR2 
041 0 |a slo 
044 |a xo  |c SK 
080 |a 330.342.151  |2 2001 
100 1 |a Celušák, Adam  |4 aut  |9 686778 
245 1 0 |a Józef Popkiewicz: Stopa zysku v gospodarce socjalistycznej (Miera zisku v socialistickom hospodárstve)  |c Adam Celušák 
600 1 7 |a Popkiewicz Józef  |2 SNK  |9 1528974 
650 0 7 |a zisk  |2 SNK  |9 13920 
650 0 7 |a socialistické hospodárstvo  |2 SNKPH  |9 2154 
655 7 |a recenzie  |2 SNKPH  |9 21907 
740 0 2 |a Stopa zysku v gospodarce socjalistycznej 
773 0 |t Finančné štúdie : časopis pre otázky finančnej teórie a hospodárskej politiky  |g Roč. 2, č. 4 (1969), s. 92-[94] 
787 0 8 |i Rec.:  |a Józef Popkiewicz  |t Miera zisku v socialistickom hospodárstve = Stopa zysku v gospodarce socjalistycznej  |d Varšava, 1968 
850 |a Slovenská národná knižnica 
852 |a Slovenská národná knižnica 
954 |a odborná, vedecká literatúra pôvodná (slovenská)  |2 lita 
958 |a article1 
958 |a OND 
958 |a EUIPO 
999 |c 3074839  |d 3076769